00382nam a2200145Ia 450000500170000000800410001708200130005810000220007124500510009326000240014430000130016850000060018165000260018765000230021320250405131001.0240331s9999 xx 000 0 und d bSUNa894 aSundararajan, P.G 0aTamilil sirukathaikal :bvaralarum valarchiyum aMadrasbCre-Ac1989 a368 p ., a  aShort Stories Vilakam aSirukadhai history